[Event "TCh-CHN"]
[Site "Beijing CHN"]
[Date "2010.11.02"]
[Round "16"]
[White "Zhou Jianchao"]
[Black "Yu Ruiyuan"]
[Result "1-0"]
[WhiteElo "2650"]
[BlackElo "2309"]

1.d4 d5 2.c4 dxc4 3.Nf3 Nf6 4.e3 e6 5.Bxc4 c5 6.O-O a6 7.dxc5 Qxd1 8.Rxd1 Bxc5
9.Be2 Nc6 10.b3 O-O 11.Bb2 Rd8 12.Rxd8+ Nxd8 13.Nbd2 Bd7 14.Ne5 Rc8 15.Nxd7 Nxd7
16.Rc1 Rc7 17.g4 f6 18.Ne4 Bb6 19.Rd1 Rc2 20.Rxd7 Rxb2 21.Bc4 Rxa2 22.Ng3 Ra5
23.h4 Kf8 24.Nh5 Rc5 25.Nxg7 Rc7 26.Nxe6+ Nxe6 27.Bxe6 Rxd7 28.Bxd7 h6 29.Bc8 Ke7
30.Bxb7 a5 31.Kg2 Ke6 32.Kf3 Ke5 33.Bc8 Bc5 34.Ke2 Bb4 35.f4+ Kd5 36.Kf3 Be1
37.g5 fxg5 38.hxg5 hxg5 39.fxg5 Ke5 40.g6 Kf6 41.Bf5 Bc3 42.e4 Ke7 43.Ke3 Kd6
44.Kd3 Bg7 45.Kc4 Kc6 46.Be6 Bf6 47.Bd5+ Kd6 48.Kb5 Bc3 49.Bc4  1-0

[Event "14th OIBM"]
[Site "Bad Wiessee GER"]
[Date "2010.11.04"]
[Round "6.32"]
[White "Fedorovsky,M"]
[Black "Markl,M"]
[Result "1-0"]
[WhiteElo "2411"]
[BlackElo "2198"]

1.d4 d5 2.c4 dxc4 3.e3 Nf6 4.Bxc4 e6 5.Nf3 c5 6.O-O Nc6 7.Nc3 cxd4 8.exd4 Be7
9.Bg5 O-O 10.Qd2 a6 11.a4 Na5 12.Ba2 b6 13.Rfc1 Bb7 14.Ne5 Nd5 15.Bxe7 Nxe7
16.Rd1 Nd5 17.Ne4 Nc6 18.Bb1 Nxe5 19.dxe5 Qh4 20.Nd6 Bc6 21.Rc1 Ne7 22.Rc4 Qh5
23.Rc3 g6 24.Rh3 Qg4 25.Be4 Rfd8 26.f3  1-0

[Event "TCh-CZE 2010-11"]
[Site "Frydek Mistek CZE"]
[Date "2010.11.07"]
[Round "2.4"]
[White "Jedynak,R"]
[Black "Murdzia,P"]
[Result "1/2-1/2"]
[WhiteElo "2479"]
[BlackElo "2461"]

1.d4 d5 2.c4 dxc4 3.Nf3 Nf6 4.e3 e6 5.Bxc4 c5 6.O-O a6 7.dxc5 Qxd1 8.Rxd1 Bxc5
9.a3 Nbd7 10.b4 Be7 11.Bb2 b6 12.Nc3 Bb7  1/2-1/2

[Event "TCh-SWE Elitserien 2010-11"]
[Site "Sweden SWE"]
[Date "2010.11.13"]
[Round "4"]
[White "Johansson,Ja SWE"]
[Black "Livner,A"]
[Result "1/2-1/2"]
[WhiteElo "2424"]
[BlackElo "2324"]

1.d4 d5 2.Nf3 Nf6 3.c4 dxc4 4.e3 e6 5.Bxc4 c5 6.O-O a6 7.Bb3 Nc6 8.Qe2 cxd4
9.Rd1 Be7 10.exd4 O-O 11.Nc3 Na5 12.Bc2 b5 13.Bg5 Bb7 14.Ne5 Rc8 15.Rd3 b4
16.Nd1 g6 17.Ba4 Nd5 18.Bxe7 Qxe7 19.Qg4 Rfd8 20.Ne3 Rc7 21.h4 Qf6 22.Nxd5 Bxd5
23.Qg3 Rdc8 24.Kh2 Nc4 25.Nxc4 Rxc4 26.Rad1 R4c7 27.Bb3 a5 28.Bxd5 exd5 29.Rf3 Qd8
30.Re1 Re7 31.Rxe7 Qxe7 32.Re3 Qf6 33.Re5 Rc2 34.h5 Kg7 35.hxg6 hxg6 36.Rxd5 Rxb2
37.Rxa5 Qxd4 38.f3 Rb1 39.Qe5+ Qxe5+ 40.Rxe5 b3  1/2-1/2

[Event "ch-UKR w"]
[Site "Poltava UKR"]
[Date "2010.11.14"]
[Round "2"]
[White "Tsirulnik,Mari"]
[Black "Kalinina,O"]
[Result "0-1"]
[WhiteElo "2136"]
[BlackElo "2222"]

1.d4 d5 2.c4 dxc4 3.Nf3 Nf6 4.e3 e6 5.Bxc4 c5 6.O-O a6 7.a4 Nc6 8.Nc3 Be7
9.Qe2 cxd4 10.Rd1 d3 11.Bxd3 Qc7 12.e4 Ng4 13.h3 h5 14.Be3 Nxe3 15.Qxe3 Ne5
16.Rac1 Nxf3+ 17.Qxf3 Qe5 18.b3 Bd7 19.Bb1 Rd8 20.Ne2 Bc6 21.Rxd8+ Bxd8 22.Qc3 Qxc3
23.Rxc3 Ba5 24.Rc4 Ke7 25.Nd4 Bd7 26.e5 Rc8 27.Rxc8 Bxc8 28.Ne2 Bc7 29.f4 Bd7
30.Be4 b5 31.axb5 Bxb5 32.Kf2 f6 33.exf6+ gxf6 34.g3 Bb6+ 35.Kf3 f5 36.Ba8 Kd6
37.Nc3 Bd3 38.g4 Bd4 39.Nd1 hxg4+ 40.hxg4 fxg4+ 41.Kxg4 Bc2 42.Bf3 Bxb3 43.f5 e5
44.f6 a5 45.Kf5 a4 46.Kg6 a3 47.Nc3 Bxc3 48.Bd1 Bxd1 49.f7 Bh5+  0-1

[Event "1st Open"]
[Site "Brno CZE"]
[Date "2010.11.15"]
[Round "3"]
[White "Pokorny,P"]
[Black "Snorek,M"]
[Result "1/2-1/2"]
[WhiteElo "2264"]
[BlackElo "2179"]

1.d4 d5 2.c4 dxc4 3.e3 Nf6 4.Bxc4 e6 5.Nf3 c5 6.O-O a6 7.dxc5 Qxd1 8.Rxd1 Bxc5
9.Nbd2 O-O 10.Be2 Rd8 11.b3 b5 12.Bb2 Bb7 13.Rac1 Nbd7 14.Ne5 Nxe5 15.Bxe5 Bb4
16.Nb1 Ne8 17.Bb2 Be7 18.Rxd8 Rxd8 19.Rd1 Rxd1+  1/2-1/2

[Event "Moscow Teams"]
[Site "Moscow RUS"]
[Date "2010.11.20"]
[Round "1"]
[White "Dukhov,A"]
[Black "Babarykin,S"]
[Result "0-1"]
[WhiteElo "2391"]
[BlackElo "2262"]

1.d4 d5 2.c4 Nf6 3.Nf3 dxc4 4.e3 e6 5.Bxc4 c5 6.Nc3 Nc6 7.O-O a6 8.a4 Be7
9.Qe2 O-O 10.Rd1 cxd4 11.exd4 Nd5 12.Ne4 b6 13.Bd2 Bb7 14.Rac1 Re8 15.Bd3 f5
16.Nc3 Bf6 17.Nxd5 Qxd5 18.Bc3 Kh8 19.Bc4 Qd6 20.Qf1 Ne7 21.Ne5 Rf8 22.Re1 Nd5
23.Bd2 Kg8 24.Qd3 Rfc8 25.b4 Rc7 26.h3 Rac8 27.Nf3 h6 28.Qb3 Kh7 29.b5 a5
30.Rc2 Be7 31.Ne5 Qa3 32.Qb1 Bf6 33.Ra2 Qd6 34.Qb3 Bxe5 35.dxe5 Qc5 36.Bf1 Qd4
37.Qd3 Qxd3 38.Bxd3 Nc3 39.Ra3 Kg8 40.Kf1 Rd8 41.Rxc3 Rxc3 42.Bxc3 Rxd3 43.Rc1 Bd5
44.f3 Bb3 45.Ke2 Rd5 46.Ra1 Kf7 47.Ke3 Bc2 48.Ke2 Ke7 49.Ra3 Bd3+ 50.Ke3 Bf1
51.Kf2 Bc4 52.Bb2 Rd2+ 53.Ke3 Rxb2 54.Kd4 Bd5 55.Rc3 Kd7 56.g4 Rb4+ 57.Ke3 f4+  0-1

[Event "TCh-FIN 2010-11"]
[Site "Tampere FIN"]
[Date "2010.11.20"]
[Round "4.7"]
[White "Fraser,S"]
[Black "Penttinen,J"]
[Result "0-1"]
[WhiteElo "2084"]
[BlackElo "2277"]

1.Nf3 d5 2.d4 Nf6 3.c4 dxc4 4.e3 e6 5.Bxc4 c5 6.O-O a6 7.dxc5 Bxc5 8.Qe2 Nc6
9.e4 Ng4 10.e5 Qc7 11.Bf4 f6 12.Nbd2 Ngxe5 13.Nxe5 Nxe5 14.Bxe5 Qxe5 15.Qxe5 fxe5
16.Nf3 e4 17.Ng5 e3 18.Bxe6 exf2+ 19.Kh1 Bxe6 20.Nxe6 Bb6 21.Rac1 Ke7 22.Nf4 Rad8
23.Rc2 Rd6 24.Re2+ Kd7 25.Nh3 Re8 26.Rxe8 Kxe8 27.g3 Rd2  0-1

[Event "4th South Bohemia Open"]
[Site "Cesky Krumlov CZE"]
[Date "2010.11.21"]
[Round "1"]
[White "Nikolaev,L"]
[Black "Valtr,Filip"]
[Result "1-0"]
[WhiteElo "2308"]
[BlackElo "1913"]

1.d4 d5 2.Nf3 e6 3.c4 dxc4 4.e3 Nf6 5.Bxc4 c5 6.O-O a6 7.Qe2 Nbd7 8.Nc3 b5
9.Bb3 Be7 10.e4 Nb6 11.dxc5 Bxc5 12.Bg5 Be7 13.Rfd1 Nfd7 14.Be3 Bb7 15.Rac1 Rc8
16.Ne5 Bc5 17.Nxb5 axb5 18.Bxc5 Qg5 19.Nf3 Qh5 20.Bxb6 Nxb6 21.Bd5 Nxd5 22.Qxb5+ Bc6
23.Rxc6  1-0

[Event "4th South Bohemia Open"]
[Site "Cesky Krumlov CZE"]
[Date "2010.11.26"]
[Round "7"]
[White "Vales,V"]
[Black "Valtr,Filip"]
[Result "1-0"]
[WhiteElo "2193"]
[BlackElo "1913"]

1.d4 d5 2.Nf3 e6 3.c4 dxc4 4.e3 Nf6 5.Bxc4 c5 6.O-O Nbd7 7.Qe2 Be7 8.Rd1 a6
9.a4 b6 10.e4 cxd4 11.Nxd4 Bb7 12.Nc3 O-O 13.Nxe6  1-0

[Event "XXIII Belgrade Trophy"]
[Site "Obrenovac SRB"]
[Date "2010.11.26"]
[Round "3.40"]
[White "Indjic,A"]
[Black "Cosovic,I"]
[Result "1-0"]
[WhiteElo "2249"]
[BlackElo "2087"]

1.d4 Nf6 2.Nf3 d5 3.c4 dxc4 4.e3 e6 5.Bxc4 c5 6.O-O a6 7.a4 Nc6 8.Nc3 cxd4
9.exd4 Nb4 10.Bg5 Be7 11.Qe2 O-O 12.Rad1 Nbd5 13.Ne5 Nxc3 14.bxc3 Nd5 15.Bd2 Bd7
16.Rfe1 Bxa4 17.Rb1 Rb8 18.Nxf7 Rxf7 19.Qxe6 Bc6 20.Re5 Qd6 21.Qxd6 Bxd6
22.Rxd5 Bxd5 23.Bxd5 b5 24.Ra1 Rb6 25.Be3 Bc7 26.g3 Kf8 27.Bxf7 Kxf7 28.Kf1 Rf6
29.Ke2 a5 30.Kd3 Ra6 31.d5 a4 32.Bc5 Bb6 33.Kd4 Bd8 34.Ra2 Ke8 35.c4 bxc4
36.Kxc4 Be7 37.Re2  1-0

[Event "TCh-SWE Elitserien 2010-11"]
[Site "Sweden SWE"]
[Date "2010.12.04"]
[Round "5"]
[White "Krantz,C"]
[Black "Svensson,B"]
[Result "0-1"]
[WhiteElo "2190"]
[BlackElo "2394"]

1.d4 d5 2.c4 dxc4 3.Nf3 Nf6 4.e3 e6 5.Bxc4 c5 6.O-O a6 7.Bb3 Nc6 8.Nc3 b5
9.Qe2 Bb7 10.Rd1 Na5 11.Bc2 cxd4 12.Nxd4 Qc7 13.e4 Bd6 14.Nf3 Ng4 15.h3 Ne5
16.Nd4 Ng6 17.Ndxb5 axb5 18.Nxb5 Bh2+ 19.Kh1 Qb8 20.g3 Bxg3 21.fxg3 Qxg3
22.Nd6+ Kf8 23.Qh2 Qf3+ 24.Qg2 Qxg2+ 25.Kxg2 Ba6 26.Be3 Nc6 27.Bc5 Nf4+ 28.Kh2 Kg8
29.b4 Be2 30.Rdc1 Ne5 31.Bd1 Bxd1 32.Rxd1 Ra3 33.Bf2 Rxh3+ 34.Kg1 Nf3+ 35.Kf1 Nh2+
36.Ke1 Nf3+ 37.Kf1 Rh1+ 38.Bg1 Rxg1+ 39.Kf2 Rxd1 40.Rxd1 Ne5 41.b5 g5 42.a4 Kf8
43.a5 Ke7 44.Rd4 Ra8 45.a6 Nfd3+ 46.Ke3 Nc5 47.a7 Ned7 48.e5 Nb6 49.Nc4 Nd5+
50.Rxd5 exd5 51.Nb6 Rxa7 52.Nc8+ Ke6 53.Nxa7 Kxe5 54.Nc6+ Kd6 55.Nd4 Ne6  0-1

[Event "TCh-CZE 2010-11"]
[Site "Czech Rep CZE"]
[Date "2010.12.05"]
[Round "4.1"]
[White "Babula,V"]
[Black "Petr,Ma"]
[Result "0-1"]
[WhiteElo "2536"]
[BlackElo "2462"]

1.d4 d5 2.Nf3 Nf6 3.c4 dxc4 4.e3 e6 5.Bxc4 c5 6.O-O a6 7.Bb3 cxd4 8.exd4 Nc6
9.Nc3 Be7 10.Bg5 O-O 11.Qd2 Na5 12.Bc2 b5 13.Rad1 Bb7 14.Qf4 g6 15.Bh6 Nh5
16.Qg4 Re8 17.Rfe1 Rc8 18.Ne5 f5 19.Qe2 Bg5 20.Bxg5 Qxg5 21.g3 Nf4 22.Qd2 Nh3+
23.Kf1 Qh5 24.Qe2 Qh6 25.Qd2 Qxd2 26.Rxd2 Ng5 27.Rde2 b4 28.Na4 Nf3 29.Nxf3 Bxf3
30.Re3 Nc4 31.Rd3 Nxb2 32.Rxf3 Rxc2 33.Nxb2 Rxb2 34.Rb3 Rxb3 35.axb3 Kf7
36.Ra1 Rd8 37.Rxa6 Rxd4 38.Ke2 g5 39.Ra7+ Kg6 40.f3 h5 41.Re7 Rd6 42.Rb7 Rc6
43.Rxb4 Rc2+ 44.Ke3 Rxh2 45.Rb8 Rg2  0-1

[Event "17th Open A"]
[Site "Zadar CRO"]
[Date "2010.12.15"]
[Round "6.6"]
[White "Cebalo,M"]
[Black "Stevic,H"]
[Result "1/2-1/2"]
[WhiteElo "2495"]
[BlackElo "2621"]

1.d4 d5 2.c4 dxc4 3.Nf3 Nf6 4.e3 e6 5.Bxc4 c5 6.O-O a6 7.Bb3 Be7 8.Nc3 O-O
9.Qe2 cxd4 10.exd4 Nc6 11.Rd1  1/2-1/2

[Event "29th European Blitz"]
[Site "Warsaw POL"]
[Date "2010.12.17"]
[Round "5"]
[White "Fridman,D"]
[Black "Lintchevski,D"]
[Result "1-0"]
[WhiteElo "2645"]
[BlackElo "2532"]

1.d4 d5 2.c4 dxc4 3.Nf3 Nf6 4.e3 e6 5.Bxc4 c5 6.O-O a6 7.dxc5 Bxc5 8.Qxd8+ Kxd8
9.Be2 Ke7 10.Ne5 Nbd7 11.Nd3 Bd6 12.Nd2 b5 13.a4 Bb7 14.Nb3 Bd5 15.Nd4 bxa4
16.Rxa4 Rhb8 17.Bd2 Ne4 18.Bb4 Ndc5 19.Nxc5 Nxc5 20.Bxc5 Bxc5 21.Rb1 a5 22.Bf3 Bxf3
23.Nxf3 Rb4 24.Rxb4 Bxb4 25.Rc1 Kd6 26.Kf1 a4 27.Nd4 Rb8 28.Rc6+ Kd7 29.Rc4 a3
30.Nc6 Rb6 31.bxa3 Bxa3 32.Ne5+ Ke7 33.Ra4 Bd6 34.Ra7+ Ke8 35.Nc4 Rc6 36.Ra4 Bc7
37.Ke2 Ke7 38.h3 f5 39.Kd3 g6 40.Ra7 Kf6 41.f4 Rc5 42.Ra6 Ke7 43.g3 Rd5+
44.Kc3 Rc5 45.Ra7 Kf6 46.Rb7 Ba5+ 47.Kb3 Bc7 48.Kb4 Rc6 49.Kb5 Rxc4 50.Kxc4 Ba5
51.Rxh7 Be1 52.g4 fxg4 53.hxg4  1-0

[Event "Moscow Teams"]
[Site "Moscow RUS"]
[Date "2010.12.18"]
[Round "6"]
[White "Gavrilov,Al1"]
[Black "Tonoian,A"]
[Result "1/2-1/2"]
[WhiteElo "2488"]
[BlackElo "2371"]

1.d4 d5 2.c4 dxc4 3.e3 Nf6 4.Bxc4 e6 5.Nf3 c5 6.O-O a6 7.Bb3 cxd4 8.exd4 Nc6
9.Nc3 Be7 10.Bg5 O-O 11.Qd2 h6 12.Bf4 Re8 13.Rad1 Nb4 14.Ne5 b6 15.Rfe1 Nbd5
16.Nc6 Qd7 17.Nxe7+ Nxe7 18.Be5 Nfd5 19.Nxd5 Nxd5 20.Re4 f6 21.Bg3 Bb7 22.Rde1 Rac8
23.h3 Re7 24.a3 a5 25.Ba2 Ba6 26.Bb1 Rc6 27.Rc1 Re8 28.Rxc6 Qxc6 29.Re1 Rc8
30.Qd1 Bc4 31.Qc2 Ne7 32.Rc1 Qd7 33.Qh7+ Kf8 34.Qe4 Nf5 35.Rd1 Bb3 36.Rd2 Rc1+
37.Kh2 Bd5 38.Qd3 Bc4 39.Qe4 Bd5 40.Qd3 Qc6 41.f3 Bc4 42.Qe4 Bd5 43.Qd3 Bc4
44.Qe4 Qxe4 45.Bxe4 Ne3 46.Bd6+ Kf7 47.Rf2 Nf1+ 48.Kg1 Ng3+ 49.Kh2 Nf1+ 50.Kg1 f5
51.Bb7 g5 52.g4 f4 53.h4 Ne3+ 54.Kh2 Bd5 55.Bxd5 exd5 56.a4 Rc4 57.b3 Rxd4
58.hxg5 hxg5 59.Rb2 Kg6 60.Be5 Rd3 61.Bc7 Rd2+ 62.Rxd2 Nf1+ 63.Kg2 Nxd2 64.Bxb6 Nxb3
65.Kf2 Kf6 66.Ke2 Ke5 67.Kd3 d4 68.Kc2 Na1+ 69.Kb2 d3 70.Bxa5 Nc2 71.Bc3+ Kd5
72.a5 Kc5 73.Bf6 Ne1 74.Kc3 Kb5 75.Kd2 Nxf3+ 76.Kxd3 Kxa5 77.Ke4 Nh2  1/2-1/2

[Event "European Rapid Championship"]
[Site "Warsaw POL"]
[Date "2010.12.19"]
[Round "9"]
[White "Moiseenko,A1"]
[Black "Nyzhnyk,I"]
[Result "1-0"]
[WhiteElo "2670"]
[BlackElo "2535"]

1.d4 d5 2.c4 dxc4 3.e3 Nf6 4.Bxc4 e6 5.Nf3 c5 6.Qe2 cxd4 7.exd4 Be7 8.O-O Nc6
9.Rd1 O-O 10.a3 a6 11.Nc3 Nd5 12.Qe4 Nf6 13.Qc2 Nd5 14.Ba2 Bf6 15.Ne4 Bd7
16.Bg5 Bxg5 17.Nexg5 g6 18.Qe4 h6 19.Nh3 Nce7 20.Ne5 Kg7 21.Nf4 Rc8 22.h4 Ba4
23.Nxf7 Kxf7 24.Qxe6+ Ke8 25.Nxd5 Bxd1 26.Nxe7  1-0

[Event "European Rapid Championship"]
[Site "Warsaw POL"]
[Date "2010.12.19"]
[Round "10"]
[White "Maiorov,N1"]
[Black "Zickus,S"]
[Result "1-0"]
[WhiteElo "2546"]
[BlackElo "2320"]

1.d4 d5 2.c4 dxc4 3.Nf3 Nf6 4.e3 e6 5.Bxc4 c5 6.O-O a6 7.a4 Nc6 8.Nc3 Be7
9.dxc5 Bxc5 10.Qxd8+ Kxd8 11.e4 Ng4 12.Bf4 Ke7 13.e5 f6 14.Ne4 Bb6 15.exf6+ gxf6
16.Bd6+ Kf7 17.b4 Rd8 18.a5 Ba7 19.Rad1 b6 20.h3 Nh6 21.Bc7 Rxd1 22.Rxd1 bxa5
23.Nd6+ Ke7 24.bxa5 Bd7 25.Ne4 Be8 26.Rd6 Nf5 27.Rxe6+ Kd7 28.Bb6  1-0

[Event "European Rapid Championship"]
[Site "Warsaw POL"]
[Date "2010.12.19"]
[Round "11"]
[White "Schmidt,Wl"]
[Black "Lintchevski,D"]
[Result "0-1"]
[WhiteElo "2396"]
[BlackElo "2532"]

1.d4 d5 2.c4 dxc4 3.Nf3 Nf6 4.e3 e6 5.Bxc4 c5 6.O-O a6 7.Bb3 Be7 8.Nc3 O-O
9.Qe2 cxd4 10.Rd1 Nc6 11.exd4 Na5 12.Bc2 b5 13.Bg5 Bb7 14.Ne5 Rc8 15.Rac1 Nc4
16.Bd3 Nb6 17.Qe3 b4 18.Ne4 Nxe4 19.Bxe7 Qxe7 20.Bxe4 Bxe4 21.Qxe4 Nd5 22.g3 g6
23.Rc2 Rc7 24.Rdc1 Rfc8 25.h4 Qd6 26.Qe2 a5 27.h5 Ne7 28.Rxc7 Rxc7 29.Rxc7 Qxc7
30.g4 Qc1+ 31.Kg2 Nd5 32.Qf3 f6 33.Nd3 Qd2 34.Nc5 Qxd4 35.Nxe6 Qe5 36.Nc5 gxh5
37.gxh5 Kf7 38.Ne4 Nf4+ 39.Kf1 Nxh5 40.Qd3 Nf4 41.Qd7+ Kg8 42.Qd8+ Kg7 43.Qd7+ Kh6
44.f3 Qxb2 45.Qg4 Qb1+ 46.Kf2 Qxa2+ 47.Kg3 Qg2+ 48.Kxf4 Qxg4+ 49.fxg4 a4
50.Nc5 a3 51.Kf5 a2 52.Nb3 Kg7 53.Na1 Kf7 54.Nb3 Ke7 55.Na1 Kd6 56.Kxf6 Kc5
57.Kg7 Kc4 58.Kxh7 b3 59.g5 b2  0-1

[Event "19th Donau Open"]
[Site "Aschach AUT"]
[Date "2010.12.29"]
[Round "5"]
[White "Jurek,J"]
[Black "Schreiner,Pe"]
[Result "1/2-1/2"]
[WhiteElo "2354"]
[BlackElo "2260"]

1.Nf3 d5 2.d4 Nf6 3.c4 dxc4 4.e3 e6 5.Bxc4 c5 6.O-O a6 7.Qe2 Nc6 8.Rd1 cxd4
9.exd4 Be7 10.Nc3 Nd5 11.Be3 O-O 12.Rac1 Na5 13.Bd3 Nxc3 14.bxc3 b5 15.Ne5 Bb7
16.Qh5 f5 17.Be2 Rc8 18.Bf3 Bxf3 19.Nxf3 Qd5 20.Bf4 Bf6 21.Re1 Nc4 22.Re2 Nd6
23.Bxd6 Qxd6 24.Ng5 Bxg5 25.Qxg5 Rc6 26.Qd2 Rfc8 27.Rce1 Qd5 28.h3 h6 29.Re5 Qc4
30.d5 Rd8 31.Rxe6 Rxe6 32.Rxe6 Rxd5 33.Qe3 Qxa2 34.Re7 Rd1+ 35.Kh2 Qd5 36.Qg3 Qd6
37.Rxg7+ Kf8 38.Rg8+ Kf7 39.f4 Qf6 40.Ra8 Rd8 41.Ra7+ Kf8 42.Qe3 Qd6 43.Qg3 Qf6
44.Qf2 Qd6 45.Qh4 Re8 46.Rh7 Re6 47.Qg3 Rg6 48.Qe3 Re6 49.Qg3 Rg6 50.Qf3 Kg8
51.Ra7 Kh8 52.Qe3 Rg7 53.Ra8+ Rg8 54.Ra7 Rg7 55.Ra8+ Rg8  1/2-1/2

[Event "34th Christmas Master Open"]
[Site "Zuerich SUI"]
[Date "2010.12.29"]
[Round "6"]
[White "Rindlisbacher,J"]
[Black "Lendwai,R"]
[Result "1-0"]
[WhiteElo "2155"]
[BlackElo "2387"]

1.d4 d5 2.c4 dxc4 3.Nf3 Nf6 4.e3 e6 5.Bxc4 c5 6.O-O cxd4 7.Nxd4 a6 8.a3 Bd6
9.Nc3 Bxh2+ 10.Kxh2 Qc7+ 11.Kg1 Qxc4 12.e4 O-O 13.Bg5 Rd8 14.Bxf6 gxf6 15.Qg4+ Kh8
16.Nce2 Qc5 17.Nf3 Qf8 18.Qh4 Qg7 19.Nf4 Rg8 20.g3 Nd7 21.Kg2 b6 22.Rad1 Ra7
23.Rh1 Rc7 24.Rxd7 Bxd7 25.Nh5 Qh6 26.Qxf6+ Qxf6 27.Nxf6 Kg7 28.Nxg8 Kxg8
29.Ne5 Bc8 30.Rd1 f6 31.Ng4 Kf7 32.Rd6 b5 33.Ne3 Ke7 34.Rd1 Bb7 35.f3 Bc8
36.Kf2 Kf7 37.Rd2 Bb7 38.Nd1 Ke7 39.Ke3 e5 40.Nc3 Bc6 41.Rc2 Kd6 42.Rd2+ Kc5
43.b4+ Kc4 44.Nd5 Bxd5 45.Rc2+ Kb3 46.Rxc7 Bc4 47.Kd2 Kxa3 48.Kc3 a5 49.Rxc4  1-0

[Event "23rd Staufer-Open"]
[Site "Leinzell GER"]
[Date "2011.01.03"]
[Round "4"]
[White "Jurek,J"]
[Black "Meschke,A"]
[Result "1/2-1/2"]
[WhiteElo "2354"]
[BlackElo "2155"]

1.Nf3 d5 2.d4 Nf6 3.c4 dxc4 4.e3 e6 5.Bxc4 c5 6.O-O a6 7.Bb3 b6 8.e4 cxd4
9.e5 Ne4 10.Qe2 Bb7 11.Rd1 d3 12.Rxd3 Qc7 13.Nbd2 Nc5 14.Rc3 Nc6 15.Nc4 Rd8
16.Bg5 Rd7 17.Bc2 Nb4 18.Nd6+ Bxd6 19.exd6 Qxd6 20.Ne5 Nd5 21.Rxc5 Qxc5 22.Rc1 Qd6
23.Nxd7 Qxd7 24.Bd3 b5 25.a4 bxa4 26.Rc4 h6 27.Bd2 g5 28.Qe5 O-O 29.h4 f6
30.Qe2 Rd8 31.hxg5 hxg5 32.Rg4 Kf7 33.Rg3 Rh8 34.Qg4 Rh4 35.Qe2  1/2-1/2

[Event "23rd Staufer-Open"]
[Site "Leinzell GER"]
[Date "2011.01.05"]
[Round "8"]
[White "Rau,H"]
[Black "Meschke,A"]
[Result "1-0"]
[WhiteElo "2449"]
[BlackElo "2155"]

1.d4 d5 2.c4 dxc4 3.Nf3 Nf6 4.e3 e6 5.Bxc4 c5 6.O-O a6 7.Bb3 b6 8.Qe2 Bb7
9.Nc3 Nbd7 10.Rd1 Bd6 11.e4 cxd4 12.Nxd4 Qb8 13.g3 Bc5 14.Kg2 b5 15.f3 Qa7
16.Be3 O-O 17.Bf2 Rfd8 18.h3 Ne5 19.Rac1 Rac8 20.Ndxb5 axb5 21.Nxb5 Qb6 22.Nd6 Bxf2
23.Rxc8 Rxc8 24.Nxc8 Bxc8 25.Qxf2 Qxf2+ 26.Kxf2 Ned7 27.e5 Nd5 28.Bxd5 exd5
29.Rc1 Ba6 30.Rc6 Bb5 31.Rc8+ Nf8 32.Rb8 Bd7 33.b4 g6 34.b5 Kg7 35.b6 Bc6
36.Rc8 Bb7 37.Rc7  1-0

[Event "Marienbad Open"]
[Site "Marianske Lazne CZE"]
[Date "2011.01.18"]
[Round "5"]
[White "Hasenbank,D"]
[Black "Kirsanova,E"]
[Result "0-1"]
[WhiteElo "2011"]
[BlackElo "2154"]

1.Nf3 d5 2.d4 Nf6 3.e3 e6 4.c4 dxc4 5.Bxc4 c5 6.O-O a6 7.b3 b5 8.Be2 Bb7
9.Bb2 Nbd7 10.Nbd2 Be7 11.Ne5 Nxe5 12.dxe5 Nd5 13.Nf3 O-O 14.Qb1 Qc7 15.Rc1 Rac8
16.Bf1 Nb6 17.Qc2 Qb8 18.Bd3 h6 19.Qe2 Rfd8 20.Ne1 Bd5 21.f4 c4 22.Bb1 b4
23.Bd4 a5 24.f5 Bf8 25.Qg4 Nd7 26.fxe6 Bxe6 27.Qe4 g6 28.Nf3 Nc5 29.Qh4 c3
30.Bc2 Bg7 31.Rf1 Nd7 32.Qg3 Nf8 33.Rf2 Qb7 34.Raf1 Rd7 35.Nh4 Bd5 36.Qg4 Re8
37.Rf6 Rde7 38.Nxg6 fxg6 39.Rxg6 Nxg6 40.Qxg6 Rf7 41.e6 Rxf1+ 42.Kxf1 Rxe6
43.Qh7+ Kf8 44.Bc5+ Kf7 45.Bd4 Rf6+ 46.Ke1 Qa6 47.Bd3 Qe6 48.e4 Rg6 49.Kd1 Bxe4  0-1

[Event "TCh-CZE 2010-11"]
[Site "Czech Rep CZE"]
[Date "2011.01.22"]
[Round "6.1"]
[White "Zilka,S"]
[Black "Mista,A"]
[Result "0-1"]
[WhiteElo "2479"]
[BlackElo "2565"]

1.d4 d5 2.Nf3 Nf6 3.c4 dxc4 4.e3 e6 5.Bxc4 c5 6.O-O a6 7.Bb3 cxd4 8.exd4 Nc6
9.Nc3 Be7 10.Re1 O-O 11.a3 Na5 12.Bc2 b5 13.d5 Re8 14.Bg5 Nxd5 15.Nxd5 exd5
16.Bxe7 Rxe7 17.Rxe7 Qxe7 18.a4 g6 19.axb5 axb5 20.Qxd5 Bb7 21.Qxb5 Bxf3
22.gxf3 Rc8 23.Be4 Rc5 24.Qb8+ Kg7 25.b4 Rg5+ 26.Kh1 Nc4 27.Rd1 Nb2 28.Rd2 Qe6
29.Qd8 Kh6 30.Qd7 Qc4 31.Rd1 Nxd1 32.Qxd1 Qxb4 33.h4 Ra5 34.Qc1+ Kg7 35.Kg2 Qd4
36.Qf4 Ra2 37.Qg3 h5 38.Bc6 Rc2 39.Bb7 Rc1 40.Be4 Qa1 41.Qh2 f5 42.Bd5 f4
43.Bb7 Re1 44.Bc8 Qc1 45.Ba6 Kf6 46.Bb5 Ke5  0-1

[Event "Marienbad Open"]
[Site "Marianske Lazne CZE"]
[Date "2011.01.22"]
[Round "9"]
[White "Bartos,J"]
[Black "De Andres Gonalons,F"]
[Result "1-0"]
[WhiteElo "2203"]
[BlackElo "2084"]

1.d4 d5 2.c4 dxc4 3.e3 e6 4.Bxc4 Nf6 5.Nf3 c5 6.O-O a6 7.dxc5 Qxd1 8.Rxd1 Bxc5
9.Be2 b6 10.Nbd2 Bb7 11.Nb3 Be7 12.Nfd4 Nc6 13.Nxc6 Bxc6 14.f3 O-O 15.e4 Ba4
16.Be3 Nd7 17.Rdc1 Bxb3 18.axb3 Bc5 19.Bxc5 Nxc5 20.Ra3 a5 21.Kf2 Rad8 22.Ke3 e5
23.Rc4 Na6 24.Ra1 g5 25.Rac1 Nc5 26.R1c3 Ne6 27.Rc6 Rb8 28.Bc4 Nd4 29.Rc7 b5
30.Bd5 a4 31.b4 Rb6 32.Re7 Ne6 33.Bxe6 Rxe6 34.Rxe6 fxe6 35.Rc5 Ra8 36.Rxe5 h6
37.Rxe6 a3 38.bxa3 Rxa3+ 39.Kd4 Ra2 40.Rxh6 Rxg2 41.Kc5  1-0

[Event "Marienbad Open"]
[Site "Marianske Lazne CZE"]
[Date "2011.01.22"]
[Round "9"]
[White "Vanko,J"]
[Black "Niering,M"]
[Result "1-0"]
[WhiteElo "2039"]
[BlackElo "2165"]

1.d4 d5 2.c4 dxc4 3.Nf3 Nf6 4.e3 e6 5.Bxc4 c5 6.O-O a6 7.Qe2 Qc7 8.a4 b6
9.Nc3 Bb7 10.b3 Nbd7 11.Bb2 Bd6 12.h3 O-O 13.Rfd1 e5 14.dxc5 Bxc5 15.Nd5 Nxd5
16.Bxd5 Rae8 17.Rac1 Qb8 18.e4 Kh8 19.Qc4 Rc8 20.Qd3 Bxd5 21.exd5 Qd6 22.b4 Bxb4
23.Ng5 Qg6 24.Rxc8 Rxc8 25.Qxg6 fxg6 26.Nf7+ Kg8 27.Nxe5 Nxe5 28.Bxe5 Kf7
29.g4 Be7 30.Kg2 Rc4 31.Rb1 Bd8 32.Rb3 Ke8 33.Bxg7 Rxa4 34.Be5 Rc4 35.f4 b5
36.Kf3 b4 37.Ke3 a5 38.Kd3 Rc5 39.d6 Kd7 40.Ke4 Rb5 41.f5 a4 42.Rf3 b3 43.f6 Rxe5+
44.Kxe5 Bxf6+ 45.Rxf6 b2 46.Rf7+ Kc6 47.Rc7+ Kb6 48.Rc8 Kb7 49.d7 b1=Q 50.d8=Q Qb2+
51.Ke6 Qb3+ 52.Kf6 Qb2+ 53.Kf7 Qb3+ 54.Kg7  1-0

[Event "Oceania Zonal"]
[Site "Rotorua NZL"]
[Date "2011.01.27"]
[Round "4.2"]
[White "Brown,An"]
[Black "Illingworth,M"]
[Result "0-1"]
[WhiteElo "2175"]
[BlackElo "2311"]

1.d4 d5 2.c4 dxc4 3.Nf3 Nf6 4.e3 e6 5.Bxc4 c5 6.O-O a6 7.dxc5 Bxc5 8.Qxd8+ Kxd8
9.a3 Ke7 10.b4 Bd6 11.Bb3 Nbd7 12.Nbd2 b5 13.Bb2 Bb7 14.Rfe1 Ng4 15.e4 Nge5
16.Re3 Rhd8 17.h3 Rac8 18.Kf1 h6 19.Rc1 Nxf3 20.Rxf3 Rxc1+ 21.Bxc1 Nf6 22.Bb2 Bxb4
23.axb4 Rxd2 24.Bxf6+ gxf6 25.Re3 Rd4 26.f3 Rxb4 27.Rc3 Kd6 28.Ke2 a5 29.Rd3+ Kc7
30.Kd2 a4 31.Bc2 Bc6 32.h4 Rc4 33.Rc3 Rd4+ 34.Rd3 Rxd3+ 35.Kxd3 Kd6 36.g4 e5
37.h5 Bd7 38.Bd1 a3 39.Bb3 Be6  0-1

[Event "Gibraltar Masters"]
[Site "Caleta ENG"]
[Date "2011.01.30"]
[Round "6.28"]
[White "Le Roux,JP"]
[Black "Estrada Nieto,J"]
[Result "1-0"]
[WhiteElo "2551"]
[BlackElo "2309"]

1.d4 d5 2.Nf3 Nf6 3.c4 dxc4 4.e3 e6 5.Bxc4 c5 6.O-O a6 7.Bb3 cxd4 8.exd4 Nc6
9.Nc3 Be7 10.Bg5 O-O 11.Qd2 Na5 12.Bc2 b5 13.Rfd1 Bb7 14.Qf4 Re8 15.Ne5 Rc8
16.Rd3 b4 17.Rh3 g6 18.Nxf7 Qc7 19.Ne5 bxc3 20.bxc3 Rf8 21.Qh4 Bd8 22.Bxg6 Qg7
23.Bh6 Nh5 24.Qg4 Qxh6 25.Rxh5 Qxh5 26.Bxh5+ Kh8 27.Nf7+ Rxf7 28.Bxf7 Bf6
29.Re1 Bd5 30.h3 Nc4 31.Rxe6 Bxe6 32.Qxe6 Be7  1-0

[Event "Schachbundesliga 2010-11"]
[Site "Mulheim GER"]
[Date "2011.02.04"]
[Round "7"]
[White "Levin,F"]
[Black "Scholz,C"]
[Result "1-0"]
[WhiteElo "2482"]
[BlackElo "2387"]

1.d4 d5 2.c4 dxc4 3.Nf3 Nf6 4.e3 e6 5.Bxc4 c5 6.O-O a6 7.Bb3 b5 8.Nc3 Bb7
9.e4 cxd4 10.Nxd4 Nc6 11.Be3 Nxd4 12.Bxd4 Be7 13.f3 Rc8 14.Ne2 O-O 15.Be3 Bc5
16.Bxc5 Rxc5 17.Qxd8 Rxd8 18.Rac1 Rxc1 19.Rxc1 Kf8 20.Kf2 Ke7 21.Ke3 Rc8
22.Rxc8 Bxc8 23.e5 Nd7 24.f4 Bb7 25.g3 f6 26.Kd4 Nb8 27.exf6+ gxf6 28.Bc2 h6
29.Nc3 Kd6 30.Ne4+ Bxe4 31.Bxe4 e5+ 32.fxe5+ fxe5+ 33.Ke3 Nd7 34.b4 Kc7 35.g4 Kb6
36.h4 a5 37.a3 axb4 38.axb4 Kc7 39.g5 hxg5 40.hxg5 Kd6 41.Kf3 Nb6 42.Kg4 Ke6
43.Bc6 Kf7 44.Bxb5 e4 45.Kf5 e3 46.Be2 Nd5 47.Bh5+ Kg7 48.b5 Ne7+ 49.Ke4 e2
50.Bxe2 Kg6 51.Kf4 Nd5+ 52.Ke5 Nc3 53.b6 Na4 54.b7 Nc5 55.b8=Q Nd7+ 56.Kf4 Nxb8
57.Bb5 Kg7 58.Kf5 Kf7 59.g6+ Kg7 60.Ke4  1-0

[Event "ch-ROU Women"]
[Site "Sarata Monteoru ROU"]
[Date "2011.02.12"]
[Round "1.7"]
[White "Bulmaga,E"]
[Black "Sgircea,S"]
[Result "0-1"]
[WhiteElo "1825"]
[BlackElo "2203"]

1.d4 d5 2.c4 dxc4 3.Nf3 Nf6 4.e3 e6 5.Bxc4 c5 6.Qe2 a6 7.O-O b5 8.Bd3 Bb7
9.Rd1 Nbd7 10.dxc5 Bxc5 11.a3 O-O 12.b4 Be7 13.Bb2 Rc8 14.e4 Qc7 15.e5 Bxf3
16.gxf3 Nd5 17.Qe4 g6 18.Kh1 Rfd8 19.Rg1 Bf8 20.h4 Bg7 21.f4 N7b6 22.Be2 Qe7
23.Rg4 h5 24.Rg5 Bh6 25.Rxg6+ fxg6 26.Qxg6+ Bg7 27.Qg3 Rc7 28.f5 exf5 29.Nc3 f4
30.Qg6 Rb7 31.Nxd5 Nxd5 32.Bxh5 Qxh4+  0-1